000 00363nam a2200145Ia 4500
008 230917s9999||||xx |||||||||||||| ||und||
040 _e142787
_aMAIN
041 _aEnglish
082 _a153.7 G57P
100 _aGoldstein, E Bruce
245 0 _aPrchology of sensation and percepion
260 _aNew Delhi
_bWadsworth
_c2007
300 _a434 p.
942 _cBK
999 _c154271
_d154271